| 000 | 00911nam a2200217 a 4500 | ||
|---|---|---|---|
| 001 | 000023287 | ||
| 005 | 20200930022120.0 | ||
| 008 | 101201s1969 mx abc r 000 0 spa d | ||
| 040 |
_aDO-SdBNP _bspa _cBNPHU |
||
| 041 | 1 | 7 |
_aspa _heng _2Código de idiomas MARC |
| 082 |
_annnn _bM911c |
||
| 100 | 1 |
_aMosher, Arthur T., _947955 |
|
| 240 | 1 | 4 |
_aGetting agriculture moving. _lEspañol. |
| 245 | 1 | 0 |
_aComo hacer avanzar la agricultura : _blo esencial para su desarrollo y modernización / _cArthur T. Mosher , truducción de José Marull. |
| 260 |
_aMéxico : _bUnión Tipográfica Editorial Hispano-Americana, _c1969. |
||
| 300 |
_a177 p. : _bil., mapas, retrs. ; _c24 cm. |
||
| 504 | _aIncluye notas al pie de las páginas. | ||
| 534 |
_pTítulo original en inglés: _tGetting agriculture moving. _cNueva York : The agricultural development council, 1966. |
||
| 700 | 1 |
_aMarull, José, _etr. _947956 |
|
| 049 | _aBNGR | ||
| 999 |
_c22784 _d22784 |
||